| 000 | 00790nam a22001575i 4500 | ||
|---|---|---|---|
| 001 | 160888 | ||
| 003 | ES-MaACL | ||
| 005 | 20230906212140.0 | ||
| 008 | 970827s1887 sp |||| | spa d | ||
| 040 |
_aCLM _bspa _cCLM |
||
| 100 | 1 |
_aOdriozola y Grimaud, Carlos. _986539 |
|
| 245 | 1 | 0 |
_aDiccionario de jurisprudencia hipotecaria de España _b: con referencia á las leyes, reglamentos, reales decretos, reales órdenes, órdenes, circulares y resoluciones de la Direccion General del Registro de la Propiedad, y sentencias del Tribunal Supremo de Justicia dictadas sobre dicha materia / _cformado por Carlos Odriozola y Grimaud. |
| 260 |
_aMadrid : _b[s.n.], _c1887 ( _fTipografía de los Huérfanos) |
||
| 300 |
_a670 p. ; _c23 cm. |
||
| 852 |
_aES-MaACL _jB-5621 _z-- Enc. pasta española |
||
| 999 |
_c160888 _d160888 |
||